One Direction - Chansons en emojis #1 - Statistiques

Statistiques générales
  • Ce quiz a été pris 13 fois
  • Le résultat moyen est 7 sur 10
Statistiques - réponses
Emojis Chansons % Correct
💋🫵 Kiss You
100%
☁️☁️ Clouds
92%
💪 Strong
92%
🤏🖤👗 Little Black Dress
83%
🪄 Magic
75%
🏆🎶♾️ Best Song Ever
67%
☀️🏖️❤️ Summer Love
67%
👋👼🏻 Hey Angel
42%
🪐🛰️👽🌌☄️ Spaces
25%
🇸🇪🤢 Stockholm Syndrome
17%
Aucun quiz correspondant
Distribution des résultats
% des personnes avec chaque résultat
Percentile par nombre de réponses
Votre historique - résultats
Vous n’avez pas pris ce quiz